000 00691nam a22002297a 4500
003 UA-OsUOA
001 125728
007 ta
008 20170925b un ||||| |||| 00| 0 ukr d
100 _aКозлов В.В.
700 _aТомашевська Т.В.
090 _a311
_bК59
942 _cSA
040 _aUA-OsUOA
_bukr
_cUA-OsUOA
_dUA-OsUOA
245 _aАналіз стану електронної комерції в Україні
300 _aС.34-39
955 _a0
041 _aukr
080 _a311
773 0 _w125723
_tСтатистика України
_dК.
_d2017
_g2
650 7 _a311 Статистика як наука. Теорія статистики
_2UDC
999 _c412960
_d412960